Statistics for KPOP NCT 127 Regular - English Version All Lyrics

Click here to take the quiz!

General Stats

  • This quiz has been taken 120 times
  • The average score is 340 of 500

Answer Stats

Answer% Correct
I
95%
a
94%
the
92%
be
91%
my
91%
to
91%
regular
90%
do
88%
go
88%
no
88%
that
88%
you
88%
diamonds
84%
on
84%
VVS
84%
we
84%
don't
83%
like
83%
queso
83%
cheese
81%
shine
81%
with
81%
walking
80%
it
79%
time
79%
when
79%
and
78%
in
78%
lo
78%
me
78%
need
78%
what
78%
I'm
77%
up
77%
your
77%
yeah
76%
see
74%
show
74%
still
74%
light
73%
not
73%
cause
72%
mad
72%
satisfied
71%
can
70%
raincoat
70%
that's
70%
just
69%
million
69%
bag
67%
got
67%
now
67%
one
67%
barely
66%
bring
66%
drippin
66%
gon
66%
know
66%
only
66%
look
65%
wanna
65%
water
65%
haters
64%
pull
64%
put
64%
wrists
64%
zone
64%
shining
63%
too
63%
bank
62%
down
62%
world
62%
cold
60%
lying
60%
made
60%
make
60%
team
60%
want
60%
better
59%
catch
59%
might
59%
waste
59%
account
58%
iced
58%
roll
58%
both
57%
dripping
57%
grinding
57%
out
57%
spend
57%
close
56%
splash
56%
whole
56%
all
52%
dinero
52%
faucet
52%
here
52%
hop
52%
so
52%
spaceship
52%
stand
52%
are
51%
jag
51%
live
51%
am
50%
fashion
50%
peso
50%
lit
48%
of
48%
yen
48%
em
47%
looking
47%
quiero
47%
came
45%
is
45%
neck
45%
racks
45%
them
45%
crib
43%
get
43%
code
42%
gate
42%
brought
41%
fresh
41%
real
40%
but
38%
same
38%
sky
38%
fly
37%
oh
37%
compete
36%
never
36%
rich
36%
lose
34%
this
34%
way
34%
compare
33%
casket
31%
rainbow
31%
coupe
30%
for
30%
hopping
30%
roof
29%
ball
28%
watch
28%
by
27%
car
27%
Dubai
27%
bust
26%
did
26%
move
26%
us
26%
hundreds
24%
let's
24%
Mars
24%
yourself
24%
blue
23%
multi
23%
myself
23%
color
22%
competition
22%
high
22%
she
22%
crew
21%
dance
21%
eyes
21%
front
21%
paid
21%
run
20%
stars
20%
stop
20%
getting
19%
ain't
17%
two
15%
hopped
14%
sides
13%
BLind
12%
bounce
12%
flash
12%
millions
12%
isn't
10%
off
10%
wave
10%

Score Distribution

Percentile by Number Answered

Percent of People with Each Score

Your Score History

You have not taken this quiz